A New collection of the choicest songs : as they are sung at court, both the theaters, the musick-schools and academies &c. /

Bibliographic Details
Format: eBook
Language:English
Published: London : Printed for D. Brown ... and T. Benskin ..., 1682.
Series:Early English books online.
Subjects:
Online Access:Connect to the full text of this electronic book

MARC

Tag First Indicator Second Indicator Subfields
LEADER 00000nam a2200000Ia 4500
001 in00004266375
005 20200810073153.0
006 m g d
007 cr bn |||a|bb|
008 850710s1682 enk o 00| | eng d
035 |a (OCoLC)12250416 
040 |a EAI  |c EAI  |d WaOLN 
037 |a CL0037000053  |b ProQuest Information and Learning. 300 N. Zeeb Rd., Ann Arbor, MI 48106 
049 |a EAIA 
090 |a PR1188  |b .N48 1682 
245 0 2 |a A New collection of the choicest songs :  |b as they are sung at court, both the theaters, the musick-schools and academies &c. /  |c collected for the recreation of gentlemen, ladies and others. 
260 |a London :  |b Printed for D. Brown ... and T. Benskin ...,  |c 1682. 
300 |a 1 online resource ([40] pages) 
336 |a text  |b txt  |2 rdacontent 
337 |a computer  |b c  |2 rdamedia 
338 |a online resource  |b cr  |2 rdacarrier 
500 |a Imperfect: print showthrough with slight loss of printing. 
500 |a Reproduction of original in the Harvard University Library. 
510 4 |a Wing  |c N598. 
533 |a Electronic reproduction.  |b Ann Arbor, Mich. :  |c UMI,  |d 1999-  |f (Early English books online)  |n Digital version of: (Early English books, 1641-1700 ; 1509:6)  |7 s1999 miun s 
650 0 |a English poetry. 
830 0 |a Early English books online. 
856 4 0 |u http://proxy.library.tamu.edu/login?url=https://search.proquest.com/docview/2240953942  |z Connect to the full text of this electronic book  |t 0 
999 f f |s 40f0f88f-e7d1-3dc1-a297-133fac98c58d  |i f1c96876-30d3-33aa-98c1-c7f923bce15f  |t 0 
952 f f |a Texas A&M University  |b College Station  |c Electronic Resources  |d Available Online  |t 0  |e PR1188 .N48 1682  |h Library of Congress classification 
998 f f |a PR1188 .N48 1682  |t 0  |l Available Online